000 00547nam a22002177a 4500
003 OSt
005 20260423145438.0
008 260423b |||||||| |||| 00| 0 eng d
020 _a978-81-264-2383-5
040 _cSBCL
082 _a928
_bMAD-D
100 _aMadhavikkutty
245 _aDiarykkurippukal
250 _a13th ed.
260 _aKottayam
_bDC Books
_c2026
300 _a167p.
630 _xHistory & geography
650 _aBiography, genealogy, insignia
650 _a biographies of persons in literature
942 _cBOOK
999 _c138034
_d138034